| 000 | 00673nam a22001937a 4500 | ||
|---|---|---|---|
| 999 |
_c4058 _d4058 |
||
| 008 | 160823b xxu||||| |||| 00| 0 eng d | ||
| 020 | _a9715420974 | ||
| 082 |
_22005 _aDFil 959.906 _bAr3r |
||
| 100 |
_913510 _aAgoncillo, Teodoro A. |
||
| 245 |
_aThe revolt of the masses: _bthe story of Bonifacio and the Katipunan/ _cTeodoro A. Agoncillo |
||
| 260 |
_aQuezon City: _bUP Press, _c©2005. |
||
| 300 |
_a451 pages: _billustrations; _c23 cm. |
||
| 500 | _aIncludes index and appendices. | ||
| 650 | 0 |
_913513 _aBonifacio, Andres, 1863-1897 |
|
| 650 | 0 |
_913518 _aKatipunan (Philippines) |
|
| 650 | 0 |
_913519 _aPhilippines -- History |
|
| 365 |
_b300.00 _cPhp. |
||
| 942 |
_2ddc _cDFIL |
||